[Event "GER-ch Net blitz qual4"]
[Site "Playchess.com INT"]
[Date "2021.05.10"]
[Round "1"]
[White "Roefe, Detlef"]
[Black "Milare, Tyron"]
[Result "0-1"]
[WhiteElo "1782"]
[BlackElo "2222"]
[PlyCount "102"]
[EventDate "2021.05.10"]
[EventType "swiss (blitz)"]
[EventRounds "11"]
[EventCountry "GER"]
[SourceTitle "CBM 202 Extra"]
[Source "ChessBase"]
[SourceDate "2021.07.31"]
[SourceVersion "1"]
[SourceVersionDate "2021.07.31"]
[SourceQuality "1"]

1. e4 c5 2. Nf3 d6 3. Bc4 e6 4. d3 Nc6 5. a4 Be7 6. Nbd2 Nf6 7. c3 0-0 8. 0-0 d5 9. Bb3 Qc7 10. Re1 h6 11. Qe2 dxe4 12. dxe4 e5 13. Nf1 Bg4 14. h3 Bh5 15. Ng3 Bg6 16. Bc2 Rfd8 17. Be3 a6 18. Red1 Rab8 19. Rxd8+ Rxd8 20. Rd1 Rxd1+ 21. Qxd1 b5 22. axb5 axb5 23. Qd2 Na5 24. b3 c4 25. b4 Nb3 26. Qd1 Bf8 27. Nh4 Bh7 28. Nhf5 Bxf5 29. Nxf5 Qd7 30. Bxb3 cxb3 31. Qxb3 Nxe4 32. Ng3 Nxg3 33. fxg3 Qd3 34. Bf2 e4 35. Bd4 Qxg3 36. Qd5 Qd3 37. Qf5 Qd1+ 38. Kh2 Bd6+ 39. Be5 Qd5 40. Qc8+ Kh7 41. Bxd6 Qxd6+ 42. Kh1 e3 43. Qf5+ Qg6 44. Qc5 e2 45. Qe3 Qb1+ 46. Kh2 e1Q 47. Qd4 Qe6 48. h4 Qbe4 49. Qc5 Qf4+ 50. g3 Qe2+ 51. Kg1 Qff1# 0-1

[Event "GER-ch Net blitz qual4"]
[Site "Playchess.com INT"]
[Date "2021.05.10"]
[Round "9"]
[White "Volkmer, Andreas"]
[Black "Roefe, Detlef"]
[Result "1-0"]
[WhiteElo "2033"]
[BlackElo "1782"]
[PlyCount "97"]
[EventDate "2021.05.10"]
[EventType "swiss (blitz)"]
[EventRounds "11"]
[EventCountry "GER"]
[SourceTitle "CBM 202 Extra"]
[Source "ChessBase"]
[SourceDate "2021.07.31"]
[SourceVersion "1"]
[SourceVersionDate "2021.07.31"]
[SourceQuality "1"]

1. Nc3 d5 2. e4 e6 3. Nf3 Nf6 4. Bd3 d4 5. Ne2 c5 6. Ng3 Nc6 7. 0-0 e5 8. Bb5 Bd6 9. d3 0-0 10. a3 h6 11. Nh4 Bg4 12. f3 Be6 13. Nhf5 Kh7 14. Nxd6 Qxd6 15. f4 Bg4 16. Qe1 Bc8 17. Bc4 a6 18. Nh5 Nxh5 19. Qh4 Nf6 20. f5 b5 21. Ba2 c4 22. Rf3 Qe7 23. Bg5 Qd6 24. Rh3 Ng8 25. Bd2 Qf6 26. Bg5 Qd6 27. Bd2 Bd7 28. Rf1 f6 29. dxc4 b4 30. Qg4 Be8 31. Rff3 Qc5 32. Rfg3 Ra7 33. Kh1 a5 34. Bb3 a4 35. Ba2 Rb7 36. Rh5 b3 37. cxb3 axb3 38. Rxb3 Rxb3 39. Bxb3 Bxh5 40. Qxh5 Nge7 41. Ba2 d3 42. Qf3 Nd4 43. Qxd3 Nec6 44. h3 Rb8 45. b4 Qd6 46. Qg3 Ne7 47. Be3 Ne2 48. Qf2 Qd1+ 49. Kh2 1-0

[Event "GER-ch Net blitz qual3"]
[Site "Playchess.com INT"]
[Date "2021.05.07"]
[Round "2"]
[White "Gallasch, Jonas"]
[Black "Roefe, Detlef"]
[Result "1-0"]
[WhiteElo "2012"]
[BlackElo "1794"]
[PlyCount "85"]
[EventDate "2021.05.07"]
[EventType "swiss (blitz)"]
[EventRounds "11"]
[EventCountry "GER"]
[SourceTitle "CBM 202 Extra"]
[Source "ChessBase"]
[SourceDate "2021.07.31"]
[SourceVersion "1"]
[SourceVersionDate "2021.07.31"]
[SourceQuality "1"]

1. d4 d5 2. c4 dxc4 3. Nf3 e6 4. Nc3 Nf6 5. e4 a6 6. a4 b6 7. Bxc4 Bb7 8. Qe2 Be7 9. 0-0 0-0 10. h3 Re8 11. Bf4 Nfd7 12. Rfd1 Bd6 13. e5 Be7 14. Rac1 Qc8 15. Bd3 Nf8 16. Ne4 Nbd7 17. Rc2 c5 18. Rdc1 Bxe4 19. Bxe4 Ra7 20. d5 exd5 21. Bxd5 Ne6 22. Bh2 Ndf8 23. Qc4 Rc7 24. Nd2 Nd4 25. Bxf7+ Kh8 26. Bxe8 Nxc2 27. Qxc2 Qxe8 28. Nc4 b5 29. axb5 axb5 30. Nd6 Bxd6 31. exd6 Rc6 32. Qd3 c4 33. Qd5 Qd7 34. Bg3 Ng6 35. Qxb5 Qc8 36. Rd1 Nf8 37. Re1 Nd7 38. Re7 h6 39. Qf5 Nf6 40. Qg6 Qf8 41. Be5 Rc8 42. Rxg7 Re8 43. Rh7# 1-0

[Event "GER-ch Net blitz qual3"]
[Site "Playchess.com INT"]
[Date "2021.05.07"]
[Round "7"]
[White "Roefe, Detlef"]
[Black "Klugstedt, Vincent C"]
[Result "1-0"]
[WhiteElo "1794"]
[BlackElo "1550"]
[PlyCount "97"]
[EventDate "2021.05.07"]
[EventType "swiss (blitz)"]
[EventRounds "11"]
[EventCountry "GER"]
[SourceTitle "CBM 202 Extra"]
[Source "ChessBase"]
[SourceDate "2021.07.31"]
[SourceVersion "1"]
[SourceVersionDate "2021.07.31"]
[SourceQuality "1"]

1. e4 c5 2. Nf3 Nc6 3. Bc4 g6 4. c3 Bg7 5. d4 cxd4 6. cxd4 d6 7. Nc3 Bg4 8. Be3 Nf6 9. Be2 0-0 10. 0-0 Rc8 11. h3 Bxf3 12. Bxf3 e6 13. g3 d5 14. e5 Nd7 15. Nb5 a6 16. Nd6 Rc7 17. b3 b5 18. Rc1 Nb6 19. Qd2 a5 20. Kg2 b4 21. Bg5 f6 22. exf6 Bxf6 23. Bxf6 Qxf6 24. Bd1 Qe7 25. Nb5 Rcc8 26. Re1 Qd7 27. Bg4 Nd8 28. Rxc8 Nxc8 29. Qd3 Nd6 30. Nxd6 Qxd6 31. f4 Rf6 32. h4 Kg7 33. h5 Qf8 34. hxg6 Rxg6 35. Qf3 Qf6 36. Re5 Nf7 37. Rxe6 Qxd4 38. Rxg6+ hxg6 39. Be6 Qd2+ 40. Kh3 Qxa2 41. Bxd5 g5 42. Qd3 gxf4 43. Qd4+ Kg6 44. Qe4+ Kg7 45. Qxf4 Nh6 46. Qg5+ Kh7 47. Be4+ Kh8 48. Qxh6+ Kg8 49. Bd5# 1-0

[Event "GER-ch Net blitz qual3"]
[Site "Playchess.com INT"]
[Date "2021.05.07"]
[Round "4"]
[White "Roefe, Detlef"]
[Black "Meyer, Irmin"]
[Result "1/2-1/2"]
[WhiteElo "1794"]
[BlackElo "1638"]
[PlyCount "98"]
[EventDate "2021.05.07"]
[EventType "swiss (blitz)"]
[EventRounds "11"]
[EventCountry "GER"]
[SourceTitle "CBM 202 Extra"]
[Source "ChessBase"]
[SourceDate "2021.07.31"]
[SourceVersion "1"]
[SourceVersionDate "2021.07.31"]
[SourceQuality "1"]

1. e4 c6 2. Nf3 d5 3. e5 Bf5 4. d4 e6 5. Be2 c5 6. 0-0 Nc6 7. Bf4 Nge7 8. dxc5 Ng6 9. Bg3 Bxc5 10. c3 a5 11. Nbd2 0-0 12. h4 Bg4 13. b3 Rc8 14. c4 dxc4 15. Nxc4 Nb4 16. a3 Nd5 17. Bd3 Nc3 18. Qd2 Bxf3 19. gxf3 Nd5 20. f4 Nxh4 21. Be4 Nf5 22. Bxf5 exf5 23. Rad1 Nb6 24. Nd6 Bxd6 25. exd6 Qd7 26. Qxa5 Qc6 27. Qxf5 g6 28. Qd3 Rcd8 29. f5 Qd7 30. Qd4 Nc8 31. f6 Qf5 32. d7 Na7 33. Qxa7 Rxd7 34. Rxd7 Qxd7 35. Qb6 Re8 36. Qd6 Qc8 37. Rd1 h5 38. Qf4 Qc6 39. Bh4 Kh7 40. Qd6 Re1+ 41. Kh2 Rxd1 42. Qxd1 Qe6 43. Kg2 Qe4+ 44. Qf3 Qxh4 45. Qxb7 Qg4+ 46. Kf1 Qd1+ 47. Kg2 Qg4+ 48. Kf1 Qd1+ 49. Kg2 Qg4+ 1/2-1/2

[Event "GER-ch Net blitz qual3"]
[Site "Playchess.com INT"]
[Date "2021.05.07"]
[Round "11"]
[White "Weis, Constantin"]
[Black "Roefe, Detlef"]
[Result "0-1"]
[WhiteElo "1637"]
[BlackElo "1794"]
[PlyCount "76"]
[EventDate "2021.05.07"]
[EventType "swiss (blitz)"]
[EventRounds "11"]
[EventCountry "GER"]
[SourceTitle "CBM 202 Extra"]
[Source "ChessBase"]
[SourceDate "2021.07.31"]
[SourceVersion "1"]
[SourceVersionDate "2021.07.31"]
[SourceQuality "1"]

1. e4 c5 2. Nf3 Nc6 3. Bb5 Nf6 4. e5 Nd5 5. 0-0 e6 6. c3 Be7 7. d4 cxd4 8. cxd4 0-0 9. Nc3 Nb6 10. d5 exd5 11. Nxd5 Nxd5 12. Qxd5 Nb4 13. Qe4 Qb6 14. Bd3 Nxd3 15. Qxd3 d6 16. Be3 Qd8 17. Rfd1 dxe5 18. Qc3 Qe8 19. Qxe5 Be6 20. Qa5 b6 21. Qh5 g6 22. Qh6 Bf6 23. Ng5 Bxg5 24. Bxg5 f6 25. Bd2 Qf7 26. Bc3 Rfd8 27. Qh4 g5 28. Qg3 Bxa2 29. h4 h6 30. hxg5 hxg5 31. Rxd8+ Rxd8 32. f4 Qd5 33. fxg5 Qc5+ 34. Kh1 Kf7 35. gxf6 Rh8+ 36. Qh2 Rxh2+ 37. Kxh2 Qc4 38. Re1 Qh4+ 0-1

[Event "GER Cup Net Final-B U2000"]
[Site "Playchess.com INT"]
[Date "2020.06.06"]
[Round "13"]
[White "Friedrich, Karl"]
[Black "Roefe, Detlef"]
[Result "0-1"]
[WhiteElo "1747"]
[BlackElo "1816"]
[PlyCount "156"]
[EventDate "2020.06.06"]
[EventType "swiss (blitz)"]
[EventRounds "13"]
[EventCountry "GER"]
[SourceTitle "CBM 197 Extra"]
[Source "ChessBase"]
[SourceDate "2020.09.30"]
[SourceVersion "1"]
[SourceVersionDate "2020.09.30"]
[SourceQuality "1"]

1. Nf3 d5 2. d4 Nc6 3. c4 g6 4. Nc3 e6 5. Bg5 f6 6. Bd2 Nh6 7. e3 Nf7 8. cxd5 exd5 9. Be2 Bg7 10. 0-0 0-0 11. a3 Be6 12. b4 a6 13. Rc1 Qe7 14. Na4 Nd6 15. Nc5 Bc8 16. Qb3 Qf7 17. a4 Kh8 18. b5 axb5 19. axb5 Ne7 20. b6 c6 21. Bb4 Ndf5 22. Nd3 Re8 23. Nf4 Bd7 24. Ra1 h5 25. Bd3 g5 26. Ne2 g4 27. Nd2 h4 28. Qc2 h3 29. Bxe7 Nxe7 30. Nf4 f5 31. g3 Bh6 32. Ne2 Ng6 33. Nc3 Rxa1 34. Rxa1 Kg7 35. Ra7 Bc8 36. Nf1 Bg5 37. Na4 Be7 38. Nc5 Bxc5 39. Qxc5 Qe7 40. Qxe7+ Rxe7 41. Nd2 Kf6 42. Nb3 Nf8 43. Nc5 Ne6 44. Kf1 Nxc5 45. dxc5 Ke5 46. Ra5 d4 47. exd4+ Kxd4 48. Bc2 Be6 49. Ra4+ Bc4+ 50. Bd3 Kxd3 51. f3 Kd4+ 52. Kf2 Re2+ 53. Kg1 Rg2+ 54. Kh1 gxf3 55. Ra3 f2 56. Ra1 Rg1+ 57. Rxg1 fxg1Q+ 58. Kxg1 Kxc5 59. Kf2 Kxb6 60. Ke3 Kc5 61. Kf4 Bd3 62. Kg5 Kd5 63. Kh4 Bf1 64. Kg5 Ke5 65. g4 fxg4 66. Kxg4 Kd4 67. Kf3 Bg2+ 68. Kf2 c5 69. Ke1 b5 70. Kd2 Kc4 71. Kc2 Kb4 72. Kb2 c4 73. Kc2 c3 74. Kb1 Kb3 75. Kc1 c2 76. Kd2 Kb2 77. Kd3 c1Q 78. Kd4 Qc4+ 0-1

[Event "GER Cup Net Final-B U2000"]
[Site "Playchess.com INT"]
[Date "2020.06.06"]
[Round "1"]
[White "Lange, Stephan"]
[Black "Roefe, Detlef"]
[Result "1-0"]
[WhiteElo "2217"]
[BlackElo "1814"]
[PlyCount "201"]
[EventDate "2020.06.06"]
[EventType "swiss (blitz)"]
[EventRounds "13"]
[EventCountry "GER"]
[SourceTitle "CBM 197 Extra"]
[Source "ChessBase"]
[SourceDate "2020.09.30"]
[SourceVersion "1"]
[SourceVersionDate "2020.09.30"]
[SourceQuality "1"]

1. g3 g6 2. Nh3 Bg7 3. f3 f5 4. Nf2 Nh6 5. Bg2 Nf7 6. e3 c6 7. d3 d6 8. 0-0 Na6 9. c3 0-0 10. Na3 e5 11. Nc2 Qc7 12. Qd2 Be6 13. b3 Rad8 14. Bb2 d5 15. Qe2 Rfe8 16. Rad1 Nc5 17. Rfe1 Nd7 18. Qf1 h6 19. f4 Kh7 20. Ba1 Nd6 21. c4 e4 22. Bxg7 Kxg7 23. dxe4 dxe4 24. Qe2 Bf7 25. Rd2 Nc8 26. Red1 Ndb6 27. Rxd8 Rxd8 28. Rxd8 Qxd8 29. Qd1 Qe7 30. Qa1+ Kh7 31. Qd4 c5 32. Qd1 Nd7 33. Bh3 b6 34. Kf1 Nf6 35. Ke2 Nd6 36. Qd2 g5 37. Ke1 g4 38. Bf1 Be6 39. Be2 Qd7 40. Nd1 Nc8 41. Qxd7+ Bxd7 42. Nc3 a6 43. Kd2 Bc6 44. a3 Kg7 45. Ne1 Kf7 46. Ng2 Ke6 47. Nh4 b5 48. cxb5 axb5 49. Bxb5 Bd5 50. Nxd5 Nxd5 51. Bc4 Nce7 52. a4 Kd6 53. Bxd5 Kxd5 54. Kc3 h5 55. b4 cxb4+ 56. Kxb4 Kc6 57. Kc4 Kd6 58. a5 Kc6 59. Kd4 Kd6 60. Kc4 Kc6 61. a6 Kb6 62. a7 Kxa7 63. Kc5 Kb7 64. Kd6 Nc8+ 65. Ke5 Kc7 66. Kxf5 Nd6+ 67. Ke5 Nc4+ 68. Kxe4 Nd2+ 69. Kd3 Nb3 70. e4 Kd6 71. Ke3 Ke6 72. Nf5 Na5 73. Nd4+ Kf6 74. e5+ Kg6 75. Ke4 Nc4 76. f5+ Kf7 77. Ne2 Nd2+ 78. Kf4 Nf3 79. h4 Ne1 80. Kg5 Nd3 81. e6+ Kg7 82. Kxh5 Kf6 83. Kxg4 Ne5+ 84. Kf4 Nd3+ 85. Ke3 Ne1 86. g4 Ng2+ 87. Ke4 Nxh4 88. Nf4 Ke7 89. Ke3 Kf6 90. Kf2 Kg5 91. Kg3 Nxf5+ 92. gxf5 Kxf5 93. Kf3 Kf6 94. Ke4 Ke7 95. Ke5 Ke8 96. Nd5 Kd8 97. Kf6 Ke8 98. e7 Kd7 99. Kf7 Kd6 100. e8Q Kxd5 101. Kf6 1-0

[Event "GER Cup Net Final-B U2000"]
[Site "Playchess.com INT"]
[Date "2020.06.06"]
[Round "4"]
[White "Mueller, Wolfgang2222"]
[Black "Roefe, Detlef"]
[Result "0-1"]
[WhiteElo "1793"]
[BlackElo "1820"]
[PlyCount "94"]
[EventDate "2020.06.06"]
[EventType "swiss (blitz)"]
[EventRounds "13"]
[EventCountry "GER"]
[SourceTitle "CBM 197 Extra"]
[Source "ChessBase"]
[SourceDate "2020.09.30"]
[SourceVersion "1"]
[SourceVersionDate "2020.09.30"]
[SourceQuality "1"]

1. e4 c5 2. Nf3 Nc6 3. d4 cxd4 4. Nxd4 e5 5. Nb5 d6 6. N1c3 a6 7. Na3 b5 8. Nd5 Nf6 9. Nxf6+ gxf6 10. c3 f5 11. exf5 Bxf5 12. Bd3 Bg6 13. Nc2 Bg7 14. 0-0 e4 15. Re1 d5 16. Nd4 Nxd4 17. cxd4 0-0 18. Be2 Qd6 19. Be3 f5 20. g3 Rfc8 21. a4 b4 22. Qd2 b3 23. Rec1 Qd7 24. Rxc8+ Rxc8 25. Rc1 Kf7 26. Bxa6 Rc7 27. Bb5 Qc8 28. Rc3 Bf8 29. Rxc7+ Qxc7 30. Qc1 Qb6 31. Qc3 Bg7 32. Kf1 Bh5 33. Qxb3 Qe6 34. Qc3 Bf3 35. Bf4 Bf6 36. h4 Qb6 37. Be5 Bxe5 38. dxe5 d4 39. Qc4+ Kg6 40. e6 e3 41. Be8+ Kf6 42. Qb5 Qd6 43. Qc6 Qb4 44. Qc1 Qd2 45. Qe1 e2+ 46. Qxe2 Qxe2+ 47. Kg1 Qxe6 0-1

[Event "GER Cup Net V4 U2000"]
[Site "Playchess.com INT"]
[Date "2020.05.31"]
[Round "4"]
[White "Hehn, Hartmut"]
[Black "Roefe, Detlef"]
[Result "0-1"]
[WhiteElo "1870"]
[BlackElo "1753"]
[PlyCount "114"]
[EventDate "2020.05.31"]
[EventType "swiss (blitz)"]
[EventRounds "9"]
[EventCountry "GER"]
[SourceTitle "EXT 2021"]
[Source "ChessBase"]
[SourceDate "2020.10.23"]
[SourceVersion "1"]
[SourceVersionDate "2020.10.23"]
[SourceQuality "1"]

1. e4 c5 2. Nf3 Nc6 3. d4 cxd4 4. Nxd4 e5 5. Nb3 d6 6. Nc3 Nf6 7. g3 a6 8. Bg2 Be7 9. 0-0 b5 10. Re1 Be6 11. h3 Qc8 12. Kh2 0-0 13. Bg5 Rb8 14. Bxf6 Bxf6 15. Nd5 Bxd5 16. Qxd5 Be7 17. c3 g6 18. Rad1 Kg7 19. Nd2 b4 20. c4 Nd4 21. b3 Qb7 22. Nf3 Qxd5 23. exd5 Nxf3+ 24. Bxf3 f5 25. Bg2 a5 26. f3 Bf6 27. Re2 Rbc8 28. Rc1 Rc5 29. Rcc2 Re8 30. g4 Re7 31. Kg3 Bg5 32. Kf2 h6 33. Kg3 Bf4+ 34. Kf2 Kf6 35. Bf1 h5 36. Kg2 hxg4 37. fxg4 fxg4 38. hxg4 Rh7 39. Kf3 Rcc7 40. Ke4 Rh4 41. Rg2 g5 42. c5 dxc5 43. d6 Rc8 44. Kd5 Rh1 45. Rxc5 Rxc5+ 46. Kxc5 Rxf1 47. d7 Rd1 48. Kc6 Ke7 49. Kb5 Rxd7 50. Kxa5 Rd4 51. Rc2 e4 52. a3 bxa3 53. b4 e3 54. b5 Rd2 55. Rc4 a2 56. Ra4 e2 57. b6 e1Q 0-1

[Event "GER Cup Net V3 U2000"]
[Site "Playchess.com INT"]
[Date "2020.05.27"]
[Round "3"]
[White "Roefe, Detlef"]
[Black "Niebergall, Gerhard"]
[Result "1/2-1/2"]
[WhiteElo "1663"]
[BlackElo "1825"]
[PlyCount "125"]
[EventDate "2020.05.27"]
[EventType "swiss (blitz)"]
[EventRounds "9"]
[EventCountry "GER"]
[SourceTitle "EXT 2021"]
[Source "ChessBase"]
[SourceDate "2020.10.23"]
[SourceVersion "1"]
[SourceVersionDate "2020.10.23"]
[SourceQuality "1"]

1. e4 e5 2. Nc3 Nf6 3. g3 d5 4. Bg2 dxe4 5. Nxe4 Nxe4 6. Bxe4 Nc6 7. Bg2 Bc5 8. Ne2 Bg4 9. h3 Bh5 10. g4 Bg6 11. Nc3 Nd4 12. 0-0 c6 13. d3 0-0 14. Rb1 f5 15. gxf5 Bxf5 16. b4 Bb6 17. a4 Qh4 18. Kh2 Rad8 19. Be3 Bg6 20. Ne2 Bh5 21. f3 Nxf3+ 22. Bxf3 Bxe3 23. Bxh5 Qxh5 24. Ng3 Qh4 25. Qg4 Qxg4 26. hxg4 Rxf1 27. Rxf1 Bf4 28. Kg2 Bxg3 29. Kxg3 Rd4 30. Rb1 Kf7 31. b5 c5 32. a5 Ke6 33. b6 a6 34. Rh1 h6 35. Rf1 Ra4 36. Rf8 Rxa5 37. Rb8 Rb5 38. Rxb7 a5 39. Rxg7 Kd5 40. Ra7 Rxb6 41. Rxa5 Rb2 42. c3 Rb3 43. c4+ Kd4 44. Ra6 Rxd3+ 45. Kh4 Kxc4 46. Rxh6 e4 47. Re6 Kd4 48. g5 Ra3 49. g6 Ra8 50. Kg5 c4 51. g7 Rg8 52. Kf6 c3 53. Rd6+ Ke3 54. Rc6 Kd2 55. Rd6+ Ke2 56. Rc6 Kd2 57. Rd6+ Kc2 58. Re6 Kd3 59. Rd6+ Ke3 60. Rc6 Kd3 61. Rd6+ Kc4 62. Re6 Kd3 63. Rd6+ 1/2-1/2

[Event "GER Cup Net V3 U2000"]
[Site "Playchess.com INT"]
[Date "2020.05.27"]
[Round "1"]
[White "Roefe, Detlef"]
[Black "Spieker, Hans Joachim"]
[Result "1-0"]
[WhiteElo "1634"]
[BlackElo "1798"]
[PlyCount "93"]
[EventDate "2020.05.27"]
[EventType "swiss (blitz)"]
[EventRounds "9"]
[EventCountry "GER"]
[SourceTitle "EXT 2021"]
[Source "ChessBase"]
[SourceDate "2020.10.23"]
[SourceVersion "1"]
[SourceVersionDate "2020.10.23"]
[SourceQuality "1"]

1. e4 c5 2. Nc3 Nc6 3. g3 g6 4. Bg2 Bg7 5. Nge2 d6 6. 0-0 e6 7. h3 Nge7 8. d3 0-0 9. f4 a6 10. a4 Bd7 11. Be3 Rb8 12. Qd2 b5 13. axb5 axb5 14. Kh2 b4 15. Nd1 Qc7 16. d4 cxd4 17. Nxd4 Nxd4 18. Bxd4 Rfc8 19. Bxg7 Kxg7 20. Rf2 Bc6 21. b3 d5 22. e5 Nf5 23. Nb2 Qb6 24. Nd3 d4 25. Bxc6 Rxc6 26. Ra4 Qc7 27. Rxb4 Rxb4 28. Nxb4 Rc3 29. g4 Nh4 30. Nd3 Qc6 31. Qe2 Qd5 32. Kg3 g5 33. f5 Qh1 34. f6+ Kg8 35. Rf1 Qc6 36. Rf2 Qh1 37. Rf1 Qc6 38. Rf2 Qd5 39. Rf1 Ng6 40. Rf2 Qxe5+ 41. Qxe5 Nxe5 42. Rd2 Kf8 43. Kg2 Nxd3 44. Rxd3 Rxc2+ 45. Kf1 Rh2 46. Rxd4 Rxh3 47. Rd8# 1-0

[Event "GER Cup Net V3 U2000"]
[Site "Playchess.com INT"]
[Date "2020.05.27"]
[Round "6"]
[White "Zhou, Lepu Coco"]
[Black "Roefe, Detlef"]
[Result "0-1"]
[WhiteElo "1743"]
[BlackElo "1681"]
[PlyCount "80"]
[EventDate "2020.05.27"]
[EventType "swiss (blitz)"]
[EventRounds "9"]
[EventCountry "GER"]
[SourceTitle "EXT 2021"]
[Source "ChessBase"]
[SourceDate "2020.10.23"]
[SourceVersion "1"]
[SourceVersionDate "2020.10.23"]
[SourceQuality "1"]

1. e4 c5 2. Nf3 Nc6 3. d4 cxd4 4. Nxd4 e5 5. Nb5 d6 6. N1c3 a6 7. Na3 b5 8. Nd5 Nf6 9. Bg5 Be7 10. Bxf6 Bxf6 11. c4 b4 12. Nc2 Rb8 13. b3 Bg5 14. Be2 0-0 15. 0-0 Kh8 16. Bg4 Bxg4 17. Qxg4 g6 18. Rad1 f5 19. exf5 gxf5 20. Qh5 a5 21. f4 exf4 22. Nxf4 Bxf4 23. Rxf4 Qf6 24. Ne3 Ne7 25. Rdf1 Qg6 26. Qh4 Rf7 27. Ng4 Rg8 28. g3 Kg7 29. Ne3 Qe6 30. Nc2 Ng6 31. Qg5 h6 32. Qh4 Nxf4 33. Qxf4 Qe5 34. Qf2 f4 35. gxf4 Qc5 36. Qxc5 dxc5 37. Kh1 Kf6 38. Ne3 Re8 39. Ng4+ Kg7 40. Ne5 Rxe5 0-1

[Event "GER Cup Net V2 U2000"]
[Site "Playchess.com INT"]
[Date "2020.05.22"]
[Round "2"]
[White "Feldmann, Bernd"]
[Black "Roefe, Detlef"]
[Result "1-0"]
[WhiteElo "1812"]
[BlackElo "1657"]
[PlyCount "153"]
[EventDate "2020.05.22"]
[EventType "swiss (blitz)"]
[EventRounds "9"]
[EventCountry "GER"]
[SourceTitle "EXT 2021"]
[Source "ChessBase"]
[SourceDate "2020.10.23"]
[SourceVersion "1"]
[SourceVersionDate "2020.10.23"]
[SourceQuality "1"]

1. d4 d5 2. Nf3 e6 3. c3 Nf6 4. Bg5 Be7 5. Nbd2 Nbd7 6. Qc2 c6 7. e3 h6 8. Bh4 0-0 9. Bd3 Re8 10. 0-0 Nf8 11. Ne5 N6d7 12. Bxe7 Qxe7 13. f4 c5 14. Qd1 c4 15. Bc2 f6 16. Ng6 Nxg6 17. Bxg6 Rd8 18. e4 Nf8 19. Bh5 e5 20. fxe5 fxe5 21. exd5 g6 22. Bf3 exd4 23. cxd4 Qe3+ 24. Kh1 Qxd4 25. Qc2 b5 26. a4 Bf5 27. Qc3 Qxc3 28. bxc3 Rab8 29. axb5 Rxb5 30. Rxa7 Bd3 31. Rfa1 Rb2 32. Ne4 Rdb8 33. Nf6+ Kh8 34. h3 Rb1+ 35. Rxb1 Rxb1+ 36. Kh2 Rb6 37. Ng4 g5 38. Ne5 Kg8 39. Nf7 Kg7 40. Nxg5+ Kg6 41. Ne4 Bxe4 42. Bxe4+ Kf6 43. Kg3 Ng6 44. Bxg6 Kxg6 45. Kf4 Kf6 46. Rh7 Rb3 47. Rxh6+ Ke7 48. Rc6 Rxc3 49. g4 Rxh3 50. Rxc4 Kd6 51. Rd4 Rh1 52. Rd2 Rg1 53. Kf5 Rf1+ 54. Kg6 Rg1 55. g5 Ke7 56. d6+ Kd7 57. Kf6 Rf1+ 58. Kg7 Rg1 59. g6 Rg4 60. Kf7 Rf4+ 61. Kg8 Rg4 62. g7 Rf4 63. Rh2 Kxd6 64. Kh8 Rg4 65. g8Q Rxg8+ 66. Kxg8 Ke5 67. Kf7 Kf4 68. Ra2 Ke4 69. Ke6 Kd4 70. Rh2 Kc3 71. Rh4 Kd3 72. Ke5 Kc3 73. Kd5 Kb3 74. Kc5 Kc3 75. Rh3+ Kd2 76. Kd4 Ke2 77. Ra3 1-0

[Event "GER Cup Net V2 U2000"]
[Site "Playchess.com INT"]
[Date "2020.05.22"]
[Round "7"]
[White "Roefe, Detlef"]
[Black "Cordes, Jule Johanne"]
[Result "1-0"]
[WhiteElo "1675"]
[BlackElo "1715"]
[PlyCount "67"]
[EventDate "2020.05.22"]
[EventType "swiss (blitz)"]
[EventRounds "9"]
[EventCountry "GER"]
[SourceTitle "EXT 2021"]
[Source "ChessBase"]
[SourceDate "2020.10.23"]
[SourceVersion "1"]
[SourceVersionDate "2020.10.23"]
[SourceQuality "1"]

1. e4 c5 2. Nc3 e6 3. g3 d5 4. Bg2 d4 5. Nce2 Nc6 6. d3 e5 7. h3 Be6 8. f4 g6 9. Nf3 Bg7 10. 0-0 Nge7 11. a4 0-0 12. Kh2 a6 13. Ng5 Bd7 14. g4 h6 15. Nf3 Qc7 16. Bd2 b5 17. axb5 axb5 18. Kh1 Ra7 19. Rxa7 Qxa7 20. f5 Qa2 21. b3 c4 22. bxc4 bxc4 23. Nh2 c3 24. Bc1 Nb4 25. f6 Bxf6 26. Rxf6 Nxc2 27. Nf1 Nb4 28. Bxh6 Rb8 29. Nc1 c2 30. Qf3 Qb1 31. Rxf7 Nec6 32. Rg7+ Kh8 33. Qf7 Nxd3 34. Rh7# 1-0

[Event "GER Cup Net V1 U2000"]
[Site "Playchess.com INT"]
[Date "2020.05.19"]
[Round "9"]
[White "Thielscher, Rene"]
[Black "Roefe, Detlef"]
[Result "0-1"]
[WhiteElo "1534"]
[BlackElo "1599"]
[PlyCount "66"]
[EventDate "2020.05.19"]
[EventType "swiss (blitz)"]
[EventRounds "9"]
[EventCountry "GER"]
[SourceTitle "EXT 2021"]
[Source "ChessBase"]
[SourceDate "2020.10.23"]
[SourceVersion "1"]
[SourceVersionDate "2020.10.23"]
[SourceQuality "1"]

1. e4 c5 2. Nc3 Nc6 3. f4 e6 4. Nf3 d5 5. e5 Nge7 6. Bb5 h5 7. 0-0 Bd7 8. d3 Nf5 9. Qe2 Be7 10. Bxc6 Bxc6 11. Bd2 h4 12. Ng5 Nd4 13. Qd1 b5 14. Ne2 Nf5 15. c3 d4 16. cxd4 cxd4 17. Rc1 Bd5 18. Kh1 h3 19. Rf2 hxg2+ 20. Rxg2 Bxg2+ 21. Kxg2 Qd5+ 22. Kg1 Nh4 23. Qf1 Bxg5 24. fxg5 Nf3+ 25. Kf2 Nxd2 26. Qg1 Nf3 27. Qg2 Rxh2 28. Nf4 Rxg2+ 29. Kxg2 Qxe5 30. Kxf3 Qe3+ 31. Kg4 Qxc1 32. g6 f5+ 33. Kg5 e5 0-1

[Event "GER-ch Net blitz qual4"]
[Site "Playchess.com INT"]
[Date "2020.03.23"]
[Round "7"]
[White "Roefe, Detlef"]
[Black "Boehme, Markus"]
[Result "0-1"]
[WhiteElo "1878"]
[BlackElo "2114"]
[PlyCount "78"]
[EventDate "2020.03.23"]
[EventType "swiss (blitz)"]
[EventRounds "9"]
[EventCountry "GER"]
[SourceTitle "CBM 195 Extra"]
[Source "ChessBase"]
[SourceDate "2020.05.31"]
[SourceVersion "1"]
[SourceVersionDate "2020.05.31"]
[SourceQuality "1"]

1. e4 c6 2. Nc3 d5 3. d3 dxe4 4. Nxe4 Nf6 5. Nc3 Bf5 6. g3 e6 7. Bg2 Nbd7 8. Nge2 Be7 9. h3 0-0 10. 0-0 h6 11. Bd2 Qb6 12. Rb1 Nd5 13. Nxd5 cxd5 14. Be3 Qa5 15. b4 Qxa2 16. Ra1 Qb2 17. Rb1 Qf6 18. Nd4 Rfc8 19. Nxf5 Qxf5 20. g4 Qf6 21. Qe2 Qc3 22. Bd2 Qxc2 23. Rfc1 Qa4 24. Be1 Bf8 25. Qb2 Rc6 26. Rxc6 bxc6 27. Ra1 Qb5 28. Bf1 Qb6 29. d4 a5 30. Ra4 Ra7 31. b5 c5 32. Bc3 cxd4 33. Bxd4 Bc5 34. Bxc5 Nxc5 35. Ra1 Ne4 36. Kg2 Rc7 37. Rc1 Rxc1 38. Qxc1 Qxf2+ 39. Kh1 Ng3# 0-1

[Event "GER-ch Net blitz qual3"]
[Site "Playchess.com INT"]
[Date "2020.03.21"]
[Round "2"]
[White "Coudsi, Lucas"]
[Black "Roefe, Detlef"]
[Result "0-1"]
[WhiteElo "1178"]
[BlackElo "1878"]
[PlyCount "108"]
[EventDate "2020.03.21"]
[EventType "swiss (blitz)"]
[EventRounds "9"]
[EventCountry "GER"]
[SourceTitle "CBM 195 Extra"]
[Source "ChessBase"]
[SourceDate "2020.05.31"]
[SourceVersion "1"]
[SourceVersionDate "2020.05.31"]
[SourceQuality "1"]

1. e4 c5 2. Nf3 Nc6 3. d4 cxd4 4. Nxd4 e5 5. Nf3 d6 6. Nc3 Nf6 7. Bd3 Be7 8. 0-0 a6 9. Nd5 Nxd5 10. exd5 Nb8 11. Re1 Nd7 12. Be3 0-0 13. Qd2 f5 14. Bc4 Bf6 15. Bg5 h6 16. Bxf6 Qxf6 17. Re2 Nc5 18. Rae1 b5 19. Bd3 e4 20. b4 Na4 21. Bxe4 fxe4 22. Rxe4 Bd7 23. Re7 Rad8 24. Qd4 Qxd4 25. Nxd4 Rfe8 26. Rxe8+ Rxe8 27. Rxe8+ Bxe8 28. Nf5 Bf7 29. Nxd6 Bxd5 30. a3 Nb6 31. f4 Nc4 32. Nxc4 Bxc4 33. c3 Kf7 34. g4 Ke6 35. Kf2 Kd5 36. Kf3 Bf1 37. f5 Kc4 38. Kf4 Kxc3 39. g5 hxg5+ 40. Kxg5 Bd3 41. h4 Kb3 42. h5 Kxa3 43. f6 gxf6+ 44. Kxf6 Kxb4 45. h6 a5 46. Kg5 a4 47. Kh5 a3 48. Kg5 a2 49. Kf6 a1Q+ 50. Kf7 Qh8 51. h7 Qxh7+ 52. Kf8 Kc5 53. Ke8 Kd6 54. Kd8 Qd7# 0-1